Quizzes
Events
Quiz Creation
Community
Videos
Private Events
Remove Ads
Sign In
Join for FREE
Feedback
Dark Mode
Quiz Categories
Sports
Geography
Music
Movies
Television
Just For Fun
Miscellaneous
History
Literature
Language
Science
Gaming
Entertainment
Religion
Holiday
For Kids
Quiz Lab
Recent
Popular Today
Quiz Kudos Today
Editor Picks
Curator Picks
Quizzes by...
Day
Popularity
Type
Ratings
Length
Year
Community
Subscriptions
Recent Discussions
Orange Saloon
Badges
Playlists
Quests
Create
Leaderboards
Showdown
Live 5
Trivia Bingo
Activity
Puzzle Library
Sporcle Events
Private Events
Virtual Trivia
Globe League
Become a Host
Pub Owners
SporcleCon
Opinionation
Our Games
Videos
Blog
Mobile Apps
Partnerships
Remove Ads and Go Orange
Feedback
Entertainment
Celebrity
Famous
Musical
Broadway
Show
Quote
Comic Books
Anime
Superhero
DC Comics
Marvel
Cartoons
Animation
Entertainment
Celebrity
Famous
Musical
Broadway
Show
Quote
Comic Books
Anime
Superhero
DC Comics
Marvel
Cartoons
Animation
Random Quiz
Search Sporcle
×
Quiz Lab
Quiz Lab
Entertainment
Canada
Type in answers that appear in a list
Type in answers that appear in a list
Classic
Best Score? Go Orange.
Do these celebrities come from Canada, America or UK? Stats
Can you name the the country that these celebrities come from?
By
Liam000Mail
8m
30 Questions
165 Plays
165 Plays
165 Plays
Comments
Comments
Give Quiz Kudos
Give Quiz Kudos
-
- Ratings
hide this ad
Replay
Link that replays current quiz
Next Quiz
Link to next quiz in quiz playlist
You Got
0%
They Got
Avg Score
95%
Avg Friend Score
Upgrade to see
Score Distribution
Jump to the score distribution portion of the page
Score
0/30
Timer
08:00
0
Plays Today
% Correct
British
97%
British
97%
British
97%
British
97%
British
97%
British
97%
British
97%
British
97%
British
97%
British
97%
Canadian
95.8%
Canadian
95.8%
Canadian
95.8%
American
95.8%
American
95.8%
% Correct
American
95.8%
American
95.8%
American
95.8%
Canadian
95.8%
Canadian
95.8%
Canadian
95.8%
Canadian
95.8%
Canadian
95.8%
Canadian
95.8%
American
95.8%
American
95.8%
American
95.8%
American
95.8%
American
95.8%
Canadian
87.3%
Quiz Playlist
Details
Report
Send in Message
Add To Playlist
Classic:
Type in answers that appear in a list
Last Updated: Feb 16, 2017
Quiz Scoreboard
CHALLENGE
Sign Up to Join the Scoreboard
Show All
Scores
Hide
Comments
May contain spoilers
Recently Published
Alphabetical 'K' Countries by Flag Minefield
by ylime102
Geography
3m
Pick 6: Fruits
by JohnFran
Miscellaneous
15s
Click the 1999 NBA Draft
by nibperrychub
Sports
2m
More to Explore
Quiz From the Vault
Featured Blog Post
15 Basketball Trivia Facts You Can Be March Mad About
hide this ad
You Might Also Like...
Tags
Actor Quiz
Actress Quiz
Canada Quiz
Movie Titles Quiz
Singers Quiz
United States Quiz
britain
Lady Gaga
Movie Stars
Sporting Events
Sports Champions
UK
Today's Top Quizzes in Entertainment
Browse Entertainment
hide this ad
Today's Top Quizzes in Canada
Browse Canada
Top Contributed Quizzes in Entertainment
1
Marvel, Role-Playing, Shakespeare, and Cats, Oh My!
2
Picture Click Blitz: Snow White
3
Criteria Comics (DC vs. Marvel)
4
Double Word Hourglass: Comic Book Publishers
5
Comic Character by Cover Artist Pt 490 (Billy Tan)
6
Click the Fictional Jane
7
Click the Fictional Jill
8
The Joker Actors by Order
9
Marvel Picture Find: Capcom
10
Click the Fictional John
Explore More
Trending Topics
Disney
Marvel
Kpop
NBA
Harry Potter
Crossword
Anime
Puzzle
Country
WWE
Soccer
Song
NFL
The Office
Pokémon
hide this ad
More By:
Liam000Mail
Quiz
Plays
Rating
Category
Featured
Created
Does the Celebrity come from America Britain or Canada?
2,295
3.50
Entertainment
May 19, 2012
Name the Actors/Actress' from their films
280
2.67
Movies
Mar 29, 2011
Bioshock 2
171
Gaming
Mar 29, 2011
Do these celebrities come from Canada, America or UK?
165
1.00
Entertainment
May 19, 2012
Go to Creator's Profile
Score Distribution
Quiz Creator Spotlight
Liam000Mail
Follow
Send a Message
Quizzes Created
-
Created Quiz Play Count
-
More By This Creator
Popular Quizzes Today
1
Find the US States - No Outlines Minefield
2
Countries of Asia Without Outlines Minefield
3
Pick 6: Fruits
4
The Countries of the World
5
Alphabetical 'K' Countries by Flag Minefield
6
Find the US States
7
Click the 1999 NBA Draft
8
Match the Book to the Film X
More Entertainment Quizzes
JoJo's Opening's in Order (by name)
Curator's Pick
Trending Quizzes
Pick 6: Harry Potter
Pick 6: Mountains
Pick 6: NFL Teams
Pick 6: Movie Franchises
Pick 6: Golfers
Recently Updated
Women's Final Four Teams by Year
bhenderson79
Presidents Quartet II
eogle
Anything But Clue(do)
eogle
Anything But Oceanian Capitals
eogle
Anything But 7
eogle
Anything But Thing
eogle
Word Ladder: February 29
pecheneg
Song Title Questions
pecheneg
Women's NCAA Tournament #1 Seeds
pecheneg
Celebrity Mug Shots
pecheneg
Trending Topics
Harry Potter
Kpop
Marvel
Crossword
Disney
Anime
NBA
WWE
Country
Puzzle
Soccer
Song
Pokémon
NFL
The Office
Your Account Isn't Verified!
In order to create a playlist on Sporcle, you need to verify the email address you used during registration. Go to your
Sporcle Settings
to finish the process.
Report this User
Report this user for behavior that violates our
Community Guidelines
.
Details:
Send Report
Go to the Sporcle.com Mobile Site →
Comments